Alle Flug Pokemon 1. Generation - Statistiken

Allgemein
  • Dieses Quiz wurde 67 mal gespielt
  • Das Durchschnittsergebnis liegt bei 15 aus 19
Antwortstatistiken
Antwort % Korrekt
Tauboga
100%
Taubsi
100%
Tauboss
98%
Arktos
96%
Lavados
96%
Zapdos
96%
Habitak
94%
Glurak
90%
Ibitak
90%
Smettbo
84%
Dragoran
73%
Dodri
71%
Dodu
71%
Aerodactyl
69%
Porenta
63%
Garados
57%
Zubat
55%
Golbat
53%
Sichlor
53%
Keine übereinstimmenden Quizze gefunden
Verteilung der Resultate
Anzahl Personen mit jedem Resultat
Perzentil nach korrekt beantworteten Fragen
Ihre Resultats-Entwicklung
Sie haben dieses Quiz noch nicht gespielt